| 000 | 00437nam a22001097a 4500 | ||
|---|---|---|---|
| 008 | 110624t xxu||||| |||| 00| 0 eng d | ||
| 010 | _aHCAACF133 | ||
| 245 | _aHigh Court Administration Cause No. 1 OF 1975 The Adminstrator General and another Vs Gariyo Gabriel | ||
| 260 | _c1975 | ||
| 500 | _aBefore: The Hon. Mr. Justice F.M. Ssekandi | ||
| 999 |
_c3988 _d3988 |
||